Busco (Registro nro. 3302)

Detalles MARC
000 -Cabecera
Campo de control de longitud fija 00575aam a2200241 4500
005 - Fecha y hora de la última transacción
Campo de control 20250820102848.0
008 - Elementos de longitud fija--Información general
Campo de control de longitud fija 150326b xxu||||| |||| 00| 0 spa d
020 ## - International Standard Book Number
Número Internacional Estándar del Libro (ISBN) 9789977678245
041 ## - Idioma
Código de idioma Español
082 ## - Clasificación Decimal Dewey
Número de clasificación CR 861.44 G241b
100 ## - Entrada principal--Autor personal
Nombre personal Garrido Llovera, Lenin
245 ## - Título propiamente dicho
Título Busco
260 ## - Pie de imprenta
Lugar de publicación, distribución, etc. Costa Rica
260 ## - Pie de imprenta
Nombre del editor, distribuidor, etc. EUCR
260 ## - Pie de imprenta
Fecha de publicación, distribución, etc. 2008
300 ## - Descripción física
Extensión 112 páginas
490 ## - Serie
Título de la Serie TEMÁTICA GENERAL
650 ## - Materia general
Temática (materia general) TEMÁTICA GENERAL
650 ## - Materia general
Temática (materia general) POESÍA COSTARRICENSE
650 ## - Materia general
Temática (materia general) LITERATURA COSTARRICENSE
650 ## - Materia general
Temática (materia general) COSTA RICA
942 ## - Punto de acceso adicional KOHA
Tipo de ítem KOHA Literatura
Fuente del sistema de clasificación o colocación Dewey Decimal Classification
Existencias
Signatura completa Código de barras Programa Académico Tipo de ítem
CR 861.44 G241b 18332 Temática General Literatura